Katicabogár

Bibliographic Details
Main Author: Héger, Mária (Author)
Format: Article
Language:Hungarian
Subjects:

MARC

LEADER 00000nab a2200000 a 4500
001 vtls000490293
003 SK-MaSNL
005 20260303020415.0
008 160202c1993 xo 0 hun
015 |a SNBRB19rr/mm-uuuuu 
035 |a CL0490431 
040 |a SNKBUCL  |b slo  |c SNKBUCL  |e AACR2 
041 0 |a hun 
044 |a xo  |c SK 
080 |a 894.511 (437.6)-3=945.11  |2 1981 
100 1 |a Héger, Mária  |4 aut  |9 1000200 
245 1 0 |a Katicabogár  |c Mária Héger 
650 0 7 |a prózy psychologické  |2 snkbucl  |9 893892 
655 7 |a články z novín a časopisov  |2 snkbucl  |9 267496 
655 7 |a články z odboru literárna veda a krásna literatúra  |2 snkbucl  |9 770045 
773 0 |t Heti Ifi  |g Roč. 3, č. 21 (1993), s. 23 
850 |a Slovenská národná knižnica v Martine  |a DSG001 
852 |a SNK  |b KIS3GCP 
958 |a RK 
958 |a HU 
958 |a LX 
992 |a RBX 
999 |c 1618159  |d 1620089